Очарованная душа. Кн. 4, [т. 1 (Запись № 10436787)

Подробности
000 -МАРКЕР
контрольное поле 01085nam2a2200229 4500
001 - ИДЕНТИФИКАТОР ЗАПИСИ
контрольное поле RU\NLR\BIBL_A\010864301
005 - ИДЕНТИФИКАТОР ВЕРСИИ
контрольное поле 20250624193218.0
010 ## - МЕЖДУНАРОДНЫЙ СТАНДАРТНЫЙ НОМЕР КНИГИ (ISBN)
Номер (ISBN) 978-5-4470-0004-2
021 ## - НОМЕР ГОСУДАРСТВЕННОЙ РЕГИСТРАЦИИ
Код страны Российская Федерация
Номер 2015-72408
Номер Листа государственной регистраци 4344
035 ## - ДРУГИЕ СИСТЕМНЫЕ НОМЕРА
Идентификатор записи (NLR Aleph) 010864301
100 ## - ДАННЫЕ ОБЩЕЙ ОБРАБОТКИ
Данные общей обработки 20151020d2015 |||y0rusy50 ca
101 1# - ЯЗЫК РЕСУРСА
Язык текста, звукозаписи и т.д. русский
Язык оригинала французский
102 ## - СТРАНА ПУБЛИКАЦИИ ИЛИ ПРОИЗВОДСТВА
Страна публикации Российская Федерация
105 ## - ПОЛЕ КОДИРОВАННЫХ ДАННЫХ: ТЕКСТОВЫЕ МАТЕРИАЛЫ, МОНОГРАФИЧЕСКИЕ
Кодированные данные о монографическом текстовом документе y z 000ay
200 0# - ЗАГЛАВИЕ И СВЕДЕНИЯ ОБ ОТВЕТСТВЕННОСТИ
Основное заглавие Кн. 4, [т. 1
Первые сведения об ответственности пер. с фр. В. Финка]
215 ## - ФИЗИЧЕСКАЯ ХАРАКТЕРИСТИКА
Специфическое обозначение материала и объем 333, [2] с.
461 #0 - УРОВЕНЬ НАБОРА
Встроенное поле 001RU\NLR\BIBL_A\010875562
-- 2000#$aОчарованная душа$eроман$e[перевод с французского]$eв 4 кн.$fРомен Роллан$vКн. 4, [т. 1
-- 700#1$aРоллан$bР.$f1866-1944$gРомен$3RU\NLR\AUTH\7713146
Системный номер (АБИС) связанной записи 10478933
Автор Роллан, Р. (1866-1944)
Место публикации Москва
Дата публикации 2015
Первые сведения об ответственности Ромен Роллан
Имя издателя, распространителя и т.д. Комсомольская правда
Сведения, относящиеся к заглавию роман : [перевод с французского] : в 4 кн.
Заглавие Очарованная душа
Номер тома Кн. 4, [т. 1
942 ## - ДОПОЛНИТЕЛЬНЫЕ ЭЛЕМЕНТЫ ЗАПИСИ (АБИС)
Тип экземпляра АБИС Книга
980 ## - КОЛЛЕКЦИЯ
Название коллекции Национальная библиография
Экземпляры
Тип экземпляра Дата поступления Источник поступления Библиотека постоянного хранения Библиотека текущего хранения Место хранения Шифр хранения Штрих-код Статус экземпляра
Книга 20.10.2015 Обязательный экземпляр РНБ (Московский) РНБ (Московский) Русский книжный фонд: издания с 1957 года 2015-3/32828 1-1151457  
Книга 20.10.2015 Обязательный экземпляр РНБ (Московский) РНБ (Московский) Русский книжный фонд: издания с 1957 года 2015-3/32828 1-1151456